Monitorovania technického stavu strojového zariadenia pre účely prediktívnej údržby

Gespeichert in:
Bibliographische Detailangaben
1. Verfasser: Štec, Dávid (Verfasst von)
Weitere Verfasser: Juhás, Martin (Betreuung Doktorarbeit)
Format: Manuskript Buch
Sprache:Slowakisch
Veröffentlicht: 2022
Schlagworte:
Online-Zugang:http://is.stuba.sk/zp/portal_zp.pl?podrobnosti=164579
Tags: Tag hinzufügen
Keine Tags, Fügen Sie das erste Tag hinzu!

MARC

LEADER 00000ntm a22000003a 4500
001 stuzp90057
003 SK-STU
005 20240411135740.5
007 ta
008 150427s2015----xo-----f-mn---000-0-slo-d
040 |a STU  |b slo 
041 0 |a slo 
100 1 |a Štec, Dávid  |u 020020  |k Z4  |4 aut  |U SjF Strojnícka fakulta  |T SjF Ústav automatizácie, merania a aplikovanej informatiky  |X 87806  |U J0020  |Y 802  |7 87806 
242 0 1 |a Machine condition monitoring for the purposes of predictive maintenance  |y eng 
245 1 0 |a Monitorovania technického stavu strojového zariadenia pre účely prediktívnej údržby 
260 |c 2022 
650 4 |a Prediktívna údržba  |2 slo 
650 4 |a Maltézsky mechanizmus  |2 slo 
650 4 |a Stavový manažér  |2 slo 
650 4 |a Priemyselný internet vecí  |2 slo 
650 4 |a MindSphere  |2 slo 
650 4 |a predictive maintenance  |2 eng 
650 4 |a geneva drive  |2 eng 
650 4 |a state manager  |2 eng 
650 4 |a IIoT  |2 eng 
650 4 |a MindSphere  |2 eng 
700 1 |a Juhás, Martin  |u 020020  |k Z1  |4 ths  |U SjF Strojnícka fakulta  |T SjF Ústav automatizácie, merania a aplikovanej informatiky  |X 2316  |U J0020  |Y 802  |7 A000002316 
856 4 |u http://is.stuba.sk/zp/portal_zp.pl?podrobnosti=164579 
996 |b 284J047486  |c J* 3608/DDP  |l JJSK  |s A  |a 24  |w stuzp90057_0001